LEADER 00595nam a2200169 i 4500 001 000000235705 003 CaOOAMICUS 005 20141113000000.0 008 141113s1862 xx u000 u lat u 013 $a214609 040 $aSeMil$bita 245 10$a1335-1389. 300 $aX, 645 p. 773 0 $aTheiner, Augustin <1804-1874>$tCodex diplomaticus dominii temporalis S. Sedis.$dRome : Imprimerie du Vatican, 1861-1862.$g2$w()30951 850 $aSeMil 852 $aSeMil$W1$xVenegono$y1$m2G VIII 8 FA$j186051$B186051$CSeMilBibl$Z2$F196924 $8I 996 $6245$a1335-1389$9(OLS)http://semarc/title/335960 LEADER 01299nam a2200205 i 4500 001 000000027225 003 CaOOAMICUS 005 20180830125447.0 008 180830s1872 it u000 u ita u 040 $aSeMil$bita 100 1 $aSuarez, Francisco,$c.$0(OLS)http://semarc/name/89664 245 10$aDefensio fidei catholicae et apostolice adversus anglicanae sectae errores :$bcum responsione ad apologiam pro iuramento fidelitatis et praefationem monitoriam serenissimi Iacobi magnae Britaniae regis ad serenissimos totius christiani orbis chatolicos reges et principes /$cauctore Francisco Suarez. 260 $aNeapoli :$bEx Typis Fibrenianis,$c1872. 300 $a2 v. ;$c27 cm. 500 $aLegati insieme i 2 vol. - Ex libris A. Giobbi. 650 4$aApologetica - Sec. 16.-17.$0(OLS)http://semarc/subject/4385 774 0 $tPars 1.$g1$w()215138 774 0 $tPars 2.$g2$w()215139 996 $6245$aDefensio fidei catholicae et apostolice adversus anglicanae sectae errores :$bcum responsione ad apologiam pro iuramento fidelitatis et praefationem monitoriam serenissimi Iacobi magnae Britaniae regis ad serenissimos totius christiani orbis chatolicos reges et principes$9(OLS)http://semarc/title/36836 996 $6260$aNeapoli :$bEx Typis Fibrenianis$9(OLS)http://semarc/publisher/37162